| 000 | 00604nam a2200217Ia 4500 | ||
|---|---|---|---|
| 001 | b2293-22499 [994] | ||
| 003 | IT-MiCISF | ||
| 008 | 161014s9999||||xx |||||||||||||| ||und|| | ||
| 040 |
_aIT-MiCISF _cIT-MiCISF |
||
| 041 | _ait | ||
| 100 | _aAriès Philippe | ||
| 245 | 0 | _aLa vita privata. Dal feudalesimo al rinascimento | |
| 250 | _a1a ed. | ||
| 260 |
_a Roma _bLaterza _c1988 [Edizione originale: 1985] |
||
| 300 | _ap. 553 | ||
| 500 | _a / storia, famiglia-occidentale, società, abitazione / | ||
| 650 | _asocietà | ||
| 700 | _aDuby Georges | ||
| 942 | _cBK | ||
| 957 | _71 | ||
| 999 |
_a22499 _bsi _g1 _c215192 _d215192 |
||